Tilastot visalle Espanjan suurimmat kaupungit

Klikkaa tästä pelataksesi tätä visaa!

Yleistilastot

  • Tätä visaa on pelattu 821 kertaa
  • Keskiarvotulos 9 / 20

Vastaukset kartalla

Vastauksille on annettu kartalla punavihreä väri sen mukaan, kuinka moni on saanut sen oikein.
 

Vastaustilastot

VäkilukuKaupunki% Oikein
3 277 451Madrid
100%
1 627 559Barcelona
97%
684 340Sevilla
79%
788 842Valencia
73%
578 063Málaga
68%
345 749Bilbao
62%
380 667Las Palmas
48%
424 837Palma de Mallorca
41%
681 430Zaragoza
37%
338 768Alicante
33%
459 778Murcia
32%
233 680Granada
31%
245 541A Coruña
26%
297 370Valladolid
26%
294 650Vigo
26%
322 327Córdoba
23%
269 311Gijón
22%
235 566Elche
12%
252 953Vitoria-Gasteiz
11%
265 003L'Hospitalet de Llobregat
10%

Tulosjakauma

Persentiili vastausten määrän mukaan

Jokaisen tuloksen saaneiden osuus

Tuloshistoriasi

Et ole pelannut tätä visaa